Handboock of cellular manufacturing systems
Պահպանված է:
| Հիմնական հեղինակ: | |
|---|---|
| Ձևաչափ: | Գիրք |
| Լեզու: | անգլերեն |
| Հրապարակվել է: |
Nueva York
Wiley-Interscience
1999
|
| Խորագրեր: | |
| Ցուցիչներ: |
Ավելացրեք ցուցիչ
Չկան պիտակներ, Եղեք առաջինը, ով նշում է այս գրառումը!
|
MARC
| LEADER | 00000nam a2200000 a 4500 | ||
|---|---|---|---|
| 001 | UCI0901 | ||
| 003 | CL-VaPUC | ||
| 008 | 070601e19990000US |||||||||||||||||eng|d | ||
| 020 | |a 0417121398 | ||
| 082 | 0 | 4 | |a 670.4 |b IRA |2 21 |
| 100 | 0 | |a Irani, Shahrukh A |e author |9 521093 | |
| 245 | 1 | 0 | |a Handboock of cellular manufacturing systems |
| 300 | |a 762 p | ||
| 942 | |c BK | ||
| 945 | |d 20070601 00:00:00 |a jtorresc | ||
| 260 | |a Nueva York |b Wiley-Interscience |c 1999 | ||
| 650 | 0 | |a Procesos de manufactura |9 259371 | |
| 650 | 0 | |a Células |9 269548 | |
| 650 | 0 | |a Procesos industriales |9 334036 | |
| 583 | |a last modification |c 20140406 05:10:01 |k Rodrigo Vera | ||
| 999 | |c 325872 |d 325870 | ||
| 952 | |0 0 |1 0 |4 0 |6 670_400000000000000_IRA_1999 |7 0 |8 A |9 407335 |a BIBING |b BIBING |d 2019-11-22 |i 4344030 |o 670.4 IRA 1999 |p 4344030 |r 2025-01-20 |w 2019-11-22 |y BK |k EII | ||